00716nam a2200157Ia 4500008004100000082001500041100001600056245003500072260005300107300001000160942001500170952012100185952011700306952012000423999001500543150201s2010 xx 000 0 und d a5.133bSAL aSalaria,R.S aC programs and data structures bKhanna Books Publishing Co. Ltd.aN. Delhic2010 a667p. 2ddccBK08 00102ddc4070aFEbFEd2010-05-14iSGTUl12m1o5.133 SALpFE2201r2024-10-22 00:00:00s2024-10-22w2015-02-09yBK 02102ddc4070aFEbFEd2010-05-14iSGTUl2o5.133 SALpFE2202r2018-11-13 00:00:00s2018-11-13w2015-02-09yBK 00102ddc4070aFEbFEd2010-05-14iSGTUl6m1o5.133 SALpFE2203r2024-04-09 00:00:00s2024-03-22w2015-02-09yBK c4997d4997